| 000 | 00718cab a2200217 4500 | ||
|---|---|---|---|
| 001 | WB3330-28 | ||
| 008 | 090401t1997 xxu||||| |||| 00| 0 eng d | ||
| 035 | _a(Sirsi) u79984 | ||
| 041 | _aeng | ||
| 245 | _aNew Land Register extension programme | ||
| 260 | _c1997 | ||
| 350 | _a0 | ||
| 490 |
_aScottish Office News Release _v(0959/97) 24 July 1997 (2) |
||
| 520 | _aA revised programme has been announced for the extension of the Land Register of Scotland. 1 April 2003 remains the target date for completion of the extension of the Land Register to the whole of Scotland. | ||
| 650 | _aEXTENSION | ||
| 650 | _aLAND REGISTER | ||
| 650 | _aSCOTLAND | ||
| 690 | _aLAND | ||
| 942 | _n0 | ||
| 948 | _c29/07/1997 | ||
| 999 |
_c50337 _d50337 |
||